[Event "Voronezh op-B 14th"]
[Site "Voronezh"]
[Date "2010.06.20"]
[Round "8"]
[White "Shugaev, Sergey"]
[Black "Chernov, Vladimir1"]
[Result "1/2-1/2"]
[WhiteElo "2128"]
[BlackElo "1992"]
[PlyCount "34"]
[EventDate "2010.06.12"]
[EventType "swiss"]
[EventRounds "9"]
[EventCountry "RUS"]
[SourceTitle "CBM 137 Extra"]
[Source "ChessBase"]
[SourceDate "2010.09.01"]
[SourceVersion "1"]
[SourceVersionDate "2010.09.01"]
[SourceQuality "1"]

1. e4 c5 2. Nf3 Nc6 3. Bb5 d6 4. 0-0 Bd7 5. c3 a6 6. Bxc6 Bxc6 7. Re1 e5 8. d4 Qc7 9. d5 Bd7 10. Bg5 Be7 11. Bxe7 Nxe7 12. Nxe5 dxe5 13. d6 Qd8 14. dxe7 Qxe7 15. Nd2 0-0 16. Nc4 Rad8 17. Qe2 Bb5 1/2-1/2

[Event "Kimry op"]
[Site "Kimry"]
[Date "2003.??.??"]
[Round "9"]
[White "Kuryshkin, Anatoliy"]
[Black "Shugaev, Sergey"]
[Result "0-1"]
[WhiteElo "1922"]
[BlackElo "2100"]
[PlyCount "88"]
[EventDate "2003.??.??"]
[EventType "swiss"]
[EventRounds "9"]
[EventCountry "RUS"]
[SourceTitle "EXT 2006"]
[Source "ChessBase"]
[SourceDate "2005.11.24"]
[SourceVersion "1"]
[SourceVersionDate "2005.11.24"]
[SourceQuality "1"]

1. e4 e6 2. d4 d5 3. e5 c5 4. c3 Qb6 5. dxc5 Bxc5 6. Qc2 Nc6 7. b4 Be7 8. Nf3 Qc7 9. Bf4 Nxb4 10. Qa4+ Nc6 11. Bg3 Bd7 12. Qg4 Bf8 13. Bd3 Qb6 14. Ng5 Nh6 15. Qe2 g6 16. 0-0 Bg7 17. Nd2 0-0 18. c4 Qd8 19. f4 Nd4 20. Qd1 Bc6 21. Bf2 Ndf5 22. Bc5 Re8 23. g4 Ne7 24. a4 dxc4 25. Bxc4 Nxg4 26. Nxe6 fxe6 27. Qxg4 Qxd2 28. Ra2 Qd8 29. Bxe6+ Kh8 30. Bf7 Nf5 31. Bxe8 Qxe8 32. Rd1 b6 33. Bf2 Bxa4 34. h4 Bxd1 35. Qxd1 Rd8 36. Qb3 Qd7 37. Kh2 h5 38. Be1 Qd1 39. Qc3 Qd4 40. Qc7 Qxf4+ 41. Kg1 Rf8 42. Rxa7 Qxe5 43. Qxe5 Bxe5 44. Kg2 Rb8 0-1